000 00550nam a2200193 a 4500
001 1771666227687
003 YourLibrary
005 20260221150219.0
008 260221s2003##################000#0#eng##
020 _a9781843764076
082 0 4 _a338.604809
_bRAJ
100 1 _aRajan, Ramkishen S.,
_eauthor.
245 1 0 _aSustaining Competitiveness in the New Global Economy :
260 _bEdward Elgar Publishing,
_c2003.
300 _a328 pages
650 0 _aBusiness & Economics.
942 _cENGLISH
040 _aYourLibrary
_beng
_cYourLibrary
999 _c615308
_d615308